00496nam a22001337a 4500003000500000038001800005082000800023100001700031245014900048264003300197650003800230700003600268856005800304NUST aNusrat Nadeem a200 aNayab, Iqra  aThe impact of Career Sustainability, and Transactive Memory System on Knowledge Sharing: The moderating effect of Social Networks/cIqra Nayab,  aIslamabad:bNBS NUST.c2025. aMS-Management and Human Resource  aSupervisor: Dr.Mehvish Iftikhar u http://10.250.8.41:8080/xmlui/handle/123456789/55650